[Event "Athens AEK op 1st"]
[Site "Athens"]
[Date "2011.03.18"]
[Round "3.6"]
[White "Grigoriadis, Mihail"]
[Black "Terzopoulos, Vasilios"]
[Result "1-0"]
[WhiteElo "1707"]
[BlackElo "1185"]
[PlyCount "97"]
[EventDate "2011.03.12"]
[EventType "swiss"]
[EventRounds "5"]
[EventCountry "GRE"]
[SourceTitle "EXT 2024"]
[Source "ChessBase"]
[SourceDate "2023.10.10"]
[SourceVersion "1"]
[SourceVersionDate "2023.10.10"]
[SourceQuality "1"]

1. e4 e6 2. d4 c6 3. Nc3 a6 4. Nf3 Bb4 5. a3 Be7 6. Be2 d5 7. 0-0 Nd7 8. Be3 dxe4 9. Nxe4 Ngf6 10. Nxf6+ Bxf6 11. c4 0-0 12. Qc2 Re8 13. Rad1 Qe7 14. Rfe1 b6 15. Bd3 g6 16. d5 cxd5 17. cxd5 Bb7 18. dxe6 Bxf3 19. exf7+ Qxf7 20. Bc4 Bxd1 21. Bxf7+ Kxf7 22. Rxd1 Rad8 23. Qc7 Ke7 24. Bxb6 Kf8 25. g3 Nxb6 26. Rxd8 Bxd8 27. Qxh7 Re6 28. Qh8+ Ke7 29. Qg7+ Ke8 30. Qb7 Nd7 31. b4 Ne5 32. Qd5 Ke7 33. h3 Bb6 34. Kf1 Nc6 35. f4 Nd4 36. Qb7+ Kf6 37. Qxa6 Nf5 38. Kg2 Nxg3 39. Qc8 Re3 40. Qc6+ Re6 41. Qc3+ Kf7 42. Qxg3 Re3 43. Qf2 Re6 44. Qc2 Kf6 45. Qc3+ Kf5 46. Kf3 Re3+ 47. Qxe3 Bxe3 48. Kxe3 Ke6 49. Ke4 1-0